<?xml version="1.0" encoding="UTF-8"?>
<record
    xmlns:xsi="http://www.w3.org/2001/XMLSchema-instance"
    xsi:schemaLocation="http://www.loc.gov/MARC21/slim http://www.loc.gov/standards/marcxml/schema/MARC21slim.xsd"
    xmlns="http://www.loc.gov/MARC21/slim">

  <leader>00349nam a2200133Ia 4500</leader>
  <controlfield tag="003">OSt</controlfield>
  <controlfield tag="008">191201s2016    xx            000 0 und d</controlfield>
  <datafield tag="100" ind1=" " ind2=" ">
    <subfield code="a">SIJWALI, B.S</subfield>
  </datafield>
  <datafield tag="245" ind1=" " ind2="0">
    <subfield code="a">A New Approach to Reasoning Verbal &amp; Non-Verbal &amp; Analytical</subfield>
  </datafield>
  <datafield tag="260" ind1=" " ind2=" ">
    <subfield code="a">N. Delhi</subfield>
    <subfield code="b">Arihant Publication</subfield>
    <subfield code="c">2016</subfield>
  </datafield>
  <datafield tag="300" ind1=" " ind2=" ">
    <subfield code="a">1202</subfield>
  </datafield>
  <datafield tag="650" ind1=" " ind2=" ">
    <subfield code="a">Applied</subfield>
  </datafield>
  <datafield tag="942" ind1=" " ind2=" ">
    <subfield code="2">ddc</subfield>
    <subfield code="c">BK</subfield>
  </datafield>
  <datafield tag="999" ind1=" " ind2=" ">
    <subfield code="c">6523</subfield>
    <subfield code="d">6523</subfield>
  </datafield>
  <datafield tag="952" ind1=" " ind2=" ">
    <subfield code="0">0</subfield>
    <subfield code="1">0</subfield>
    <subfield code="2">ddc</subfield>
    <subfield code="4">0</subfield>
    <subfield code="7">0</subfield>
    <subfield code="8">GENERAL</subfield>
    <subfield code="a">PIET</subfield>
    <subfield code="b">PIET</subfield>
    <subfield code="d">2016-03-29</subfield>
    <subfield code="e">Arihant Publication</subfield>
    <subfield code="g">625.00</subfield>
    <subfield code="k">IN3939</subfield>
    <subfield code="l">0</subfield>
    <subfield code="o">153.43 SIN</subfield>
    <subfield code="p">28277</subfield>
    <subfield code="q">2018-11-26</subfield>
    <subfield code="r">2019-12-04 00:00:00</subfield>
    <subfield code="v">406.25</subfield>
    <subfield code="w">2016-03-25</subfield>
    <subfield code="y">BK</subfield>
  </datafield>
  <datafield tag="952" ind1=" " ind2=" ">
    <subfield code="0">0</subfield>
    <subfield code="1">0</subfield>
    <subfield code="2">ddc</subfield>
    <subfield code="4">0</subfield>
    <subfield code="7">0</subfield>
    <subfield code="8">GENERAL</subfield>
    <subfield code="a">PIET</subfield>
    <subfield code="b">PIET</subfield>
    <subfield code="d">2016-03-29</subfield>
    <subfield code="e">Arihant Publication</subfield>
    <subfield code="g">625.00</subfield>
    <subfield code="k">IN3939</subfield>
    <subfield code="l">7</subfield>
    <subfield code="o">153.43 SIN</subfield>
    <subfield code="p">28278</subfield>
    <subfield code="r">2022-04-28 00:00:00</subfield>
    <subfield code="s">2022-04-13</subfield>
    <subfield code="v">406.25</subfield>
    <subfield code="w">2016-03-25</subfield>
    <subfield code="y">BK</subfield>
    <subfield code="z">Competition</subfield>
  </datafield>
  <datafield tag="952" ind1=" " ind2=" ">
    <subfield code="0">0</subfield>
    <subfield code="1">0</subfield>
    <subfield code="2">ddc</subfield>
    <subfield code="4">0</subfield>
    <subfield code="7">0</subfield>
    <subfield code="8">GENERAL</subfield>
    <subfield code="a">PIET</subfield>
    <subfield code="b">PIET</subfield>
    <subfield code="d">2016-03-29</subfield>
    <subfield code="e">Arihant Publication</subfield>
    <subfield code="g">625.00</subfield>
    <subfield code="k">IN3939</subfield>
    <subfield code="l">5</subfield>
    <subfield code="o">153.43 SIN</subfield>
    <subfield code="p">28279</subfield>
    <subfield code="q">2025-05-07</subfield>
    <subfield code="r">2024-11-08 00:00:00</subfield>
    <subfield code="s">2024-11-08</subfield>
    <subfield code="v">406.25</subfield>
    <subfield code="w">2016-03-25</subfield>
    <subfield code="y">BK</subfield>
  </datafield>
  <datafield tag="952" ind1=" " ind2=" ">
    <subfield code="0">0</subfield>
    <subfield code="1">0</subfield>
    <subfield code="2">ddc</subfield>
    <subfield code="4">0</subfield>
    <subfield code="7">0</subfield>
    <subfield code="8">GENERAL</subfield>
    <subfield code="a">PIET</subfield>
    <subfield code="b">PIET</subfield>
    <subfield code="d">2016-03-29</subfield>
    <subfield code="e">Arihant Publication</subfield>
    <subfield code="g">625.00</subfield>
    <subfield code="k">IN3939</subfield>
    <subfield code="l">6</subfield>
    <subfield code="o">153.43 SIN</subfield>
    <subfield code="p">28280</subfield>
    <subfield code="r">2024-02-13 00:00:00</subfield>
    <subfield code="s">2024-02-01</subfield>
    <subfield code="v">406.25</subfield>
    <subfield code="w">2016-03-25</subfield>
    <subfield code="y">BK</subfield>
    <subfield code="z">Competition</subfield>
  </datafield>
  <datafield tag="952" ind1=" " ind2=" ">
    <subfield code="0">0</subfield>
    <subfield code="1">0</subfield>
    <subfield code="2">ddc</subfield>
    <subfield code="4">0</subfield>
    <subfield code="7">0</subfield>
    <subfield code="8">GENERAL</subfield>
    <subfield code="a">PIET</subfield>
    <subfield code="b">PIET</subfield>
    <subfield code="d">2016-03-29</subfield>
    <subfield code="e">Arihant Publication</subfield>
    <subfield code="g">625.00</subfield>
    <subfield code="k">IN3939</subfield>
    <subfield code="l">2</subfield>
    <subfield code="o">153.43 SIN</subfield>
    <subfield code="p">28281</subfield>
    <subfield code="r">2023-03-28 00:00:00</subfield>
    <subfield code="s">2023-03-15</subfield>
    <subfield code="v">406.25</subfield>
    <subfield code="w">2016-03-25</subfield>
    <subfield code="y">BK</subfield>
    <subfield code="z">Competition</subfield>
  </datafield>
</record>
